Final say must be considered (Record no. 81138)
[ view plain ]
| 000 -LEADER | |
|---|---|
| fixed length control field | 01328cab a22002175a 4500 |
| 001 - CONTROL NUMBER | |
| control field | L146405 |
| 008 - FIXED-LENGTH DATA ELEMENTS--GENERAL INFORMATION | |
| fixed length control field | 090116e20081219xxk f 000 0 eng d |
| 035 ## - SYSTEM CONTROL NUMBER | |
| System control number | (Sirsi) u146405 |
| 041 0# - LANGUAGE CODE | |
| Language code of text/sound track or separate title | eng |
| 100 1# - MAIN ENTRY--PERSONAL NAME | |
| Personal name | Ross, Jonathan |
| 245 00 - TITLE STATEMENT | |
| Title | Final say must be considered |
| 260 ## - PUBLICATION, DISTRIBUTION, ETC. | |
| Date of publication, distribution, etc. | 2008 |
| 490 #0 - SERIES STATEMENT | |
| Series statement | Property Week |
| Volume/sequential designation | 74(51) 19 December 2008, 44(1) |
| 520 ## - SUMMARY, ETC. | |
| Summary, etc. | Discusses the case of Metropolitan Property Realizations Ltd v Atmore Investments Ltd [2008] EWCH 2925 (Ch) (see L146405). An arbitrator making a rent review determination in respect of a commercial lease had failed to take into account the notional tenant's profit in the calculation of a fair rent, so there had been a serious irregularity. The valuation method was rejected by the Court even though the landlord's surveyor had initially accepted it. Accordingly, the Court ordered that the review be resubmitted to the arbitrator who must reduce the rent award to allow for an appropriate profit margin for the tenant. |
| 590 ## - LOCAL NOTE (RLIN) | |
| Local note | KA |
| 650 24 - SUBJECT ADDED ENTRY--TOPICAL TERM | |
| Topical term or geographic name entry element | METROPOLITAN PROPERTY REALIZATIONS LTD V ATMORE INVESTMENTS LTD |
| 651 #4 - SUBJECT ADDED ENTRY--GEOGRAPHIC NAME | |
| Geographic name | England and Wales |
| Chronological subdivision | 1543- |
| 690 ## - LOCAL SUBJECT ADDED ENTRY--TOPICAL TERM (OCLC, RLIN) | |
| Topical term or geographic name as entry element | PROPERTY-LANDLORD AND TENANT-TENANCIES-TENANCY RENT REVIEW |
| 690 ## - LOCAL SUBJECT ADDED ENTRY--TOPICAL TERM (OCLC, RLIN) | |
| Topical term or geographic name as entry element | MANAGEMENT-DISPUTE AVOIDANCE, MANAGEMENT AND RESOLUTION-DISPUTE MANAGEMENT AND RESOLUTION-ARBITRATION |
| 942 ## - ADDED ENTRY ELEMENTS (KOHA) | |
| Suppress in OPAC | 0 |
| Withdrawn status | Lost status | Source of classification or shelving scheme | Damaged status | Not for loan | Home library | Current library | Shelving location | Date acquired | Total Checkouts | Full call number | Barcode | Date last seen | Copy number | Price effective from | Koha item type |
|---|---|---|---|---|---|---|---|---|---|---|---|---|---|---|---|
| Dewey Decimal Classification | London | London | Journal article | 16/01/2009 | L146405 | 146405-1001 | 06/08/2019 | 1 | 06/08/2019 | Journal article |